№ 4; Защита окружающей среды в нефтегазовом комплексе

التفاصيل البيبلوغرافية
Parent link:Защита окружающей среды в нефтегазовом комплексе: научно-технический журнал/ ВНИИОЭНГ. № 4.— , 2000-
اللغة:الروسية
منشور في: 2013
التنسيق: MixedMaterials كتاب
KOHA link:https://koha.lib.tpu.ru/cgi-bin/koha/opac-detail.pl?biblionumber=507576

MARC

LEADER 00000nam2a2200000 4500
001 507576
005 20231101103454.0
035 |a (RuTPU)RU\TPU\prd\179316 
090 |a 507576 
100 |a 20130528a20009999k y0rusy50 ca 
101 0 |a rus 
102 |a RU 
200 0 |a № 4 
210 |d 2013 
461 1 |0 (RuTPU)RU\TPU\prd\951  |t Защита окружающей среды в нефтегазовом комплексе  |o научно-технический журнал  |f ВНИИОЭНГ  |v № 4  |d 2000- 
801 0 |a RU  |b 63413507  |c 20010227  |g PSBO 
801 1 |a RU  |b 63413507  |c 20130528 
801 2 |a RU  |b 63413507  |c 20210220  |g RCR 
942 |c BK 
999 |a НТБ_ТПУ  |b НФ  |e -1/20130109  |p П-9243  |s 5/20121010  |u 0,00  |v 1